01503nam a2200289 a 450000100100000000500170001000800410002702000180006804000250008608200170011110000340012824501190016226000360028130000280031750000710034559000270041665000260044365000240046970000430049391000380053695201290057495201290070395201290083295201150096195201200107699900170119600002648120240510073819.0110321s2011 dr a 000 0 spa d a9789945163896 aDO-SdBNPbspacBNPHU a248.8bC764p1 aContreras H., Reinaldo95354913aEl padre perdonador :bla parábola del hijo pródijo /cReinaldo Contreras H. ; prólogo Pastor Alexis Báez. aSanto Domingo :bBúho,c2011. a148 p. :bil. ;c23 cm. aIncluye datos biográficos del autor en la solapa de la cubierta. aInventariado, 2018/ YL 4aEvangelización9476 0aVida cristiana96681 aBáez, Pastor Alexis,epról.953550 aValidado. Control de calidad EMS. 001054708DSaGRbGRcHDd2011-03-21iLF1l0o248.8 C764pp26481-30r2020-06-25te.3w2020-06-25yLFDSZPréstamo en sala 001054708DSaGRbGRcHDd2013-12-01iLF1l0o248.8 C764pp26481-40r2020-06-25te.4w2020-06-25yLFDSZPréstamo en sala 001054708DSaGRbGRcHDd2013-12-01iLF1l0o248.8 C764pp26481-50r2020-06-25te.5w2020-06-25yLFDSZPréstamo en sala 0010718PDaPDbPDcHDd2011-03-21iLF1l0o248.8 C764pp26481-10r2020-06-25w2020-06-25yLFPDZNo se presta 0010718PDaPDbPDcHDd2011-03-21iLF1l0o248.8 C764pp26481-20r2020-06-25te.2w2020-06-25yLFPDZNo se presta c25973d25973